000 01019nam a2200277 i 4500
001 49529
003 ES-MaACL
005 20250809062548.0
007 t|
008 030717s1880 sp ||||1| spa d
080 _a340.12
080 _a347.13
100 1 _aCosta, Joaquín,
_d1846-1911
_941054
245 1 0 _aTeoría del hecho jurídico individual y social /
_cpor Joaquín Costa.
260 _aMadrid :
_b[s.n.],
_c1880 (
_fImp. de la Revista de Legislación)
300 _aXVI, 377 p. ;
_c22 cm.
490 1 _aBiblioteca jurídica de autores españoles ;
_v7
530 _aDisponible en formato digital.
650 4 _aActos jurídicos.
_9146051
650 4 _aDerecho-
_xFilosofía
_911620
650 7 _aDerecho consuetudinario
_2embne
_9145293
830 1 _aBiblioteca jurídica de autores españoles ;
_v7
_9181120
852 _aES-MaACL
_jF-14637
856 _uhttp://www.derechoaragones.es/es/consulta/registro.do?id=600247
_zBiblioteca Virtual de Derecho Aragonés
999 _c49529
_d49529